00923nam a2200217 i 4500001000700000003000900007005001700016007000300033008004100036080002200077100003800099245007000137260004900207300002200256594012300278600008300401710006000484852002100544999001900565952012100584137061ES-MaACL20250829124027.0t|070214s1950 sp |||| |dspa d a371 Feijoo, Padre1 aSainz-Amor, Concepción.910157510aIdeas pedagógicas del Padre Feijoo / cConcepción Sainz-Amor. aMadrid : b[s.n.], c1950 (fGráf. Versal) a366 p. ; c21 cm. aPrecede al tít.: Consejo Superior de Investigaciones Científicas. Instituto de Pedagogía San José de Calasanz.17aFeijoo, Benito Jerónimo,d1676-1764-xCrítica e interpretación291270302 aInstituto San José de Calasanz de Pedagogía9163009 aES-MaACLjD-5593 c137061d137061 00104070aATENEOMbATENEOMcSVId2008-01-17eSCl0oD-5593p901142634r2023-02-23 00:00:00w2023-02-23yMONOGRAFIA